000
00235nam a2200109Ia 4500
008
151213s9999 xx 000 0 und d
245
_a
The Code of Civil Procedure
300
_a
2108 p.
650
_a
Law
650
_a
Law
999
_c
1555
_d
1555